পবিত্র কোরআন হতে আমরা কি জানতে ও শিখতে পারি এবং আমাদের করণীয় কি? (Record no. 76446)
[ view plain ]
| 000 -LEADER | |
|---|---|
| fixed length control field | 01192nam a2200229 a 4500 |
| 001 - CONTROL NUMBER | |
| control field | 76446 |
| 003 - CONTROL NUMBER IDENTIFIER | |
| rucl marc code | BD-RjUL |
| 005 - DATE AND TIME OF LATEST TRANSACTION | |
| control field | 20211209082838.0 |
| 008 - FIXED-LENGTH DATA ELEMENTS--GENERAL INFORMATION | |
| fixed length control field | 191205s2014 bg ||||| |||| 00| 0 ben d |
| 020 ## - INTERNATIONAL STANDARD BOOK NUMBER | |
| International Standard Book Number | 9789843384287 |
| 035 ## - SYSTEM CONTROL NUMBER | |
| System control number | (BD-RjUL)76667 |
| 040 ## - CATALOGING SOURCE | |
| Original cataloging agency | BD-RjUL |
| Language of cataloging | ben |
| Transcribing agency | BD-RjUL |
| Modifying agency | BD-RjUL |
| Description conventions | BD-RjUL |
| 041 ## - LANGUAGE CODE | |
| Language code of text/sound track or separate title | ben |
| 082 ## - DEWEY DECIMAL CLASSIFICATION NUMBER | |
| Classification number | 297.12259144 |
| Author mark and year | ALW 2014 |
| Edition number | 23 |
| 100 10 - MAIN ENTRY--PERSONAL NAME | |
| Personal name | আলী, মোহাম্মদ রওশন |
| 9 (RLIN) | 236059 |
| 245 10 - TITLE STATEMENT | |
| Title | পবিত্র কোরআন হতে আমরা কি জানতে ও শিখতে পারি এবং আমাদের করণীয় কি? |
| Remainder of title | = (What can we know and learn from the Holy Quran and what are our duties?) / |
| Statement of responsibility, etc. | অধ্যাপক ড: মোহাম্মদ রওশন আলী |
| 260 ## - PUBLICATION, DISTRIBUTION, ETC. (IMPRINT) | |
| Place of publication, distribution, etc. | ঢাকা : |
| Name of publisher, distributor, etc. | রওশন আলী ও জোহরা আলী ওয়েলফেয়ার ট্রাস্ট, |
| Date of publication, distribution, etc. | ২০১৪ |
| 300 00 - PHYSICAL DESCRIPTION | |
| Pagination | vii, ৩০২ পৃ. ; |
| Size | ২২ সেমি. |
| 650 ## - SUBJECT ADDED ENTRY--TOPICAL TERM | |
| Topical term or geographic name as entry element | কুরআন |
| Form subdivision | সমালোচনা, ব্যাখ্যা ইত্যাদি |
| 9 (RLIN) | 236060 |
| Topical term or geographic name as entry element | Qurʼan |
| Form subdivision | Criticism, interpretation, etc. |
| 9 (RLIN) | 236061 |
| 942 ## - ADDED ENTRY ELEMENTS (KOHA) | |
| Source of classification or shelving scheme | Dewey Decimal Classification |
| Koha item type | Books |
| Lost status | Source of classification or shelving scheme | Damaged status | Not for loan | Collection code | Permanent Location | Current Location | Shelving location | Date acquired | Source of acquisition | Cost, normal purchase price | Total Checkouts | Full call number | Date last seen | Copy number | Koha item type |
|---|---|---|---|---|---|---|---|---|---|---|---|---|---|---|---|
| Dewey Decimal Classification | Not For Loan | Non-fiction | Central Library, University of Rajshahi | Central Library, University of Rajshahi | Reading Room | 24/10/2019 | Author | 400.00 | B 297.12259144 ALW 2014 | 05/12/2019 | C-1 | Books |